Statistics for Largest Cities and Villages of WISCONSIN by First Letter

Click here to take the quiz!

General Stats

  • This quiz has been taken 132 times
    (108 since last reset)
  • The average score is 11 of 23

Answer Stats

LetterPopulationMUNICIPALITY% Correct
M592,025Milwaukee
96%
G104,879Green Bay
89%
A74,526Appleton
88%
K100,164Kenosha
88%
E68,866Eau Claire
81%
O66,729Oshkosh
80%
R77,432Racine
79%
L51,567La Crosse
73%
J64,565Janesville
71%
W72,549Waukesha
69%
S48,180Sheboygan
56%
F42,959Fond du Lac
45%
B38,770Brookfield
43%
N39,733New Berlin
40%
V13,166Verona
23%
D25,020De Pere
17%
T11,100Two Rivers
11%
U >4,961Union Grove
11%
H >19,909Howard
9%
P >20,923Pleasant Prairie
9%
C >25,074Caledonia
4%
Y >70Yuba
4%
I1,299Independence
3%

Score Distribution

Percentile by Number Answered

Percent of People with Each Score

Your Score History

You have not taken this quiz since the last reset